| 000 | 00658nam a2200217 a 4500 | ||
|---|---|---|---|
| 999 |
_c1358 _d1358 |
||
| 001 | 1358 | ||
| 003 | BD-JhCC | ||
| 005 | 20171018164449.0 | ||
| 008 | 171018s19571987ii |||| ||a| 000 0 ben d | ||
| 035 | _a(BD-JhCC)1358 | ||
| 040 |
_aBD-JhCC _dBD-JhCC |
||
| 041 | _aben | ||
| 082 |
_a891.443 _bMOJ 1987 |
||
| 100 | _aমজুমদার, অমিয়ভূষণ | ||
| 245 |
_aগড় শ্রীখণ্ড / _cঅমিয়ভূষণ মজুমদার, |
||
| 260 |
_aকলকাতা : _bঅরুণা প্রকাশনী, _c1987 |
||
| 300 |
_a541 p.; _c22 cm. |
||
| 650 | _aBengali Novel | ||
| 942 |
_2ddc _cBK |
||